00936nab a2200253 uc450000100070000000500170000700800410002403500110006503500210007604000130009704100080011010000510011824501840016965000320035365000170038565000190040265000180042165000180043970000480045770000420050577301060054794200100065399900190066355562220240201132614.0991014nuuuuuuuu spa  a555622 a(OCoLC)819814212 ccomduadb aspa10aHernández Ruiz, Jesús E.4auteaut930356710aDiseño factorial incompleto con relaciones y variables de proceso y la cinetica de absorcion-desorcion del agua atmosferica en mezclas de moldeo con vidrio liquido y proceso CO2 aDiseño experimental92731 aVidrio97405 aMezclas915624 aAzúcar9722 aMelaza92393810aAlejandro Alfonso, Carlos4auteaut930100910aPino Rivero, Lazaro4auteaut93010100 tConstrucción de Maquinaria (Santa Clara)gVol.20,No.01,Ene-Abr., p. 43-51w188118x0258-5928086066 cARIMP c134998d134998